Numerical methods that work /

Guardado en:
Autor Principal: Acton, Forman S.
Formato: Libro
Idioma:English
Publicado: Washington, D.C. : Mathematical Association of America, c1990.
Series:Spectrum series
Etiquetas: Agregar Etiqueta
Sin Etiquetas, Sea el primero en etiquetar este registro!
LEADER 00757nam a22002055a 4500
001 MAT.inmabb000203
008 900716s1990####dcua#####b####001#0#eng#d
005 20130226130708.0
245 1 0 |a Numerical methods that work /  |c Forman S. Acton. 
260 |a Washington, D.C. :  |b Mathematical Association of America,  |c c1990. 
300 |a xx, 549 p. ;  |c 23 cm. 
440 0 |a Spectrum series 
504 |a Includes bibliographical references (p. 537-540) and index. 
500 |a "Updated and revised from the 1970 edition published by Harper & Row, Publishers". 
510 4 |a MR,  |c 92a:65002 
020 |a 0883854503 
100 1 |a Acton, Forman S. 
246 1 4 |a Numerical methods that usually work 
084 |a 65-01  |2 msc2000  |9 2000 
859 |h 65  |i Ac188  |p A-7923  |b BIB. MATEMATICA